000 00785cam a2200253 i 4500
999 _c234625
_d234625
001 1309120
003 Nust
005 20170328120315.0
008 770926s1977 enk 000 1 eng
010 _a 77367284
015 _aGB***
020 _a9780330478298
_c£4.75
040 _aDLC
_cDLC
_dDLC
_dOCoLC
_dDLC
050 0 0 _aPZ4.S6596
_bSp
_aPR9405.9.S5
082 0 0 _a823
_bSMI
100 1 _aSmith, Wilbur A.
245 1 2 _aA sparrow falls /
_cWilbur Smith.
260 _aLondon :
_bHeinemann,
_c1977.
300 _a630 p. ;
_c23 cm.
650 0 _aCourtney family (Fictitious characters)
_xFiction.
655 7 _aEpic literature.
_2gsafd
655 7 _aDomestic fiction.
_2lcsh
906 _a7
_bcbc
_corignew
_d3
_encip
_f19
_gy-gencatlg
942 _2ddc
_cBK